[Event "TUR-UKR Friendly Team Match"]
[Site "Online"]
[Date "2021.01.17"]
[Round "1.1"]
[White "Tarlabasi, Emirhan"]
[Black "Pliukha, Myhajlo"]
[Result "1/2-1/2"]
[WhiteElo "2301"]
[BlackElo "2206"]
[Annotator "TA"]
[PlyCount "93"]
[EventDate "2021.01.17"]
[EventType "team-tourn"]
[EventCountry "NET"]
[SourceTitle "playchess.com"]
[Source "ChessBase"]
[SourceQuality "1"]
[WhiteTeam "Turkey"]
[BlackTeam "Ukraine"]
[WhiteTeamCountry "TUR"]
[BlackTeamCountry "UKR"]

{[%evp 19,93,9,32,23,47,52,44,39,54,26,38,37,27,-53,-63,-76,-68,-68,-70,-100,-84,-77,-90,-105,-75,-76,-35,-75,-70,-109,-103,-89,-115,-207,-90,-105,-81,-77,-72,-205,-160,-162,-49,-145,-150,-229,-204,-195,0,-161,10,10,235,0,535,530,410,0,0,0,0,0,0,-29989,0,0,0,0,0,0,0,0,0,0,0,0]} 1. d4 Nf6 2. c4 e6 3. Nf3 b6 4. Nc3 Bb4 5. e3 Bb7 6. Bd3 Ne4 7. O-O Bxc3 8. bxc3 f5 9. Qc2 O-O 10. Ne1 Qh4 11. f3 {E43: Nimzo-Indian: Rubinstein: 4...b6.} Nf6 12. a4 {[%cal Ba2a4,Ba4a5][%mdl 32]} d6 13. a5 {White is slightly better.} Nbd7 {[#]} 14. g3 $146 ({Predecessor:} 14. Qb3 c5 15. Nc2 g6 16. Na3 e5 17. Nb5 e4 18. Nxd6 exf3 19. gxf3 Bc6 20. d5 {1-0 (49) Salem,A (2511)-Njili,K (2344) Doha 2011}) 14... Qh5 15. Ng2 g5 (15... Bxf3 $6 16. Nf4 $16) 16. d5 (16. Be2 $11) 16... Ne5 $15 17. a6 Bc8 18. Be2 Bd7 (18... exd5 19. cxd5 Nxd5 20. f4 $11) 19. Bd2 Rae8 20. Rae1 Bc8 21. Qa2 Kg7 $40 {[%mdl 128] White is in trouble.} 22. Bc1 Qh3 (22... h6 {is more complex.} 23. Rd1 Qh3 24. Rf2 Kg8 25. Rff1 Qh5) 23. Rf2 Qh6 24. h4 gxh4 25. Nxh4 Kh8 26. Rg2 (26. Rh2 $17 {keeps fighting.}) 26... Rg8 (26... Nh5 $1 $19 {[%cal Rh5g3]} 27. e4 Qf6 28. exf5 exf5) 27. e4 $17 Qh5 {aiming for ...Rxg3!} 28. f4 Neg4 29. Bxg4 (29. exf5 $17 exf5 30. c5) 29... Rxg4 (29... Nxg4 30. c5 $15) 30. exf5 exd5 (30... exf5 $19 31. Be3 Rg7) 31. Rxe8+ (31. Qd2 $15) 31... Qxe8 32. Kh2 (32. Bd2 $17 {might work better.}) 32... Qe1 33. Qd2 Qe4 (33... Qf1 $19 {Strongly threatening ...Rg7.} 34. Qd4 Kg7) 34. Re2 $2 {[#]} (34. cxd5 $11 Nxd5 35. Qa2) 34... Rxh4+ $1 {[%mdl 512]} 35. gxh4 $11 Ng4+ $2 ({Avoid the trap} 35... Qxc4 $2 36. Re7 $18) ({Much weaker is} 35... Qxf5 36. cxd5 Bxa6 37. Re7 $16) (35... Qf3 $11 {and Black stays safe.}) 36. Kg3 $2 (36. Kg1 $18 Qxf5 37. Qxd5 Qxd5 38. cxd5 Bxa6 39. Re7) 36... Qxf5 {[%mdl 8192]} (36... Nf6 $11 {and Black has nothing to worry.}) 37. Re8+ $18 Kg7 {And now ...Nf6 would win.} 38. Qe2 $2 ({White must play} 38. Qxd5 $18 Nh6 39. Rxc8 $1 {[%mdl 576] Deflection} Qxc8 40. Qg5+ Kf7 41. Qxh6) 38... Nf6 $11 39. Re7+ $1 Kf8 {Hoping for ...Qh3+.} 40. Rxc7 {Intending Qe7+ and mate.} Ne4+ 41. Kg2 $2 {[%mdl 8192] [#]} (41. Kh2 $11 Qh3+ 42. Kg1 Qg3+ 43. Qg2 Qe1+ {[%mdl 64] Double Attack} 44. Kh2 Qxh4+ 45. Kg1 Qe1+ 46. Kh2 Qh4+ 47. Kg1 Qe1+ 48. Kh2 Qh4+) 41... Qh3+ $2 (41... Qg6+ $1 {mates} 42. Kh1 Ng3+ {[%mdl 64] Double Attack} 43. Kg1 Nxe2+ 44. Kf2 Bg4 45. Be3 Qe4 46. Rc8+ Ke7 47. Rc7+ Kd8 48. Rf7 Qf3+ 49. Ke1 Qxe3 50. Rf8+ Ke7 51. Re8+ Kxe8 52. cxd5 Ng3#) 42. Kg1 {Black must now prevent Qg2.The position is equal.} Qg3+ ({Not} 42... Bxa6 $2 43. Qg2 $18) 43. Qg2 Qe1+ {[%mdl 64] Double Attack} 44. Qf1 Qg3+ 45. Qg2 Qe1+ {[%mdl 64] Double Attack} 46. Qf1 Qg3+ 47. Qg2 {Weighted Error Value: White=0.67/Black=0.74} 1/2-1/2

[Event "TUR-UKR Friendly Team Match"]
[Site "Online"]
[Date "2021.01.17"]
[Round "1.1"]
[White "Uzumcu, Ahmet Utku"]
[Black "Hulka, Valentyn"]
[Result "0-1"]
[WhiteElo "2249"]
[BlackElo "2089"]
[Annotator "TA"]
[PlyCount "74"]
[EventDate "2021.01.17"]
[EventType "team-tourn"]
[EventCountry "NET"]
[SourceTitle "playchess.com"]
[Source "ChessBase"]
[SourceQuality "1"]
[WhiteTeam "Turkey"]
[BlackTeam "Ukraine"]
[WhiteTeamCountry "TUR"]
[BlackTeamCountry "UKR"]

{[%evp 15,74,4,17,0,0,0,4,0,9,19,25,19,10,20,40,-20,-18,-13,0,-71,-33,-50,50,44,75,60,103,134,100,16,19,0,0,-9,-10,-143,-133,-253,-251,-252,-205,-202,-195,-210,-200,-219,-181,-261,-164,-242,-181,-193,-129,-180,-177,-235,-243,-476,-469,-455,-332]} 1. e4 c5 2. Nf3 d6 3. d4 cxd4 4. Nxd4 Nf6 5. Nc3 a6 6. g3 e5 7. Nde2 Be7 8. Bg2 O-O 9. h3 {B91: Sicilian Najdorf: 6 g3.} b5 10. a3 Bb7 11. g4 {The position is equal.} Nbd7 12. Ng3 Nc5 13. g5 Nfd7 14. h4 f5 {[#]} 15. gxf6 $146 (15. Nd5 $1 $14) ({Predecessor:} 15. Nd5 fxe4 16. b4 Nd3+ 17. cxd3 Bxd5 18. Bxe4 Bxe4 19. dxe4 Nb6 20. g6 hxg6 21. h5 {0-1 (31) Meza,A-Munoz Portugal,G Liape email 2002}) 15... Nxf6 $11 16. Be3 Rc8 17. O-O (17. Rg1 $11) 17... Qd7 18. h5 Qg4 (18... Qe6 $15) 19. Nf5 $14 Qxd1 20. Raxd1 Rfe8 {[%cal Rc5e4]} 21. h6 Ncxe4 22. Nxg7 (22. hxg7 $16 {Strongly threatening Bg5.} Rc4 23. Nxe4 Bxe4 24. Bxe4 (24. Nxd6 Bxd6 25. Rxd6 {[%mdl 64] Double Attack} Bxg2 $16) 24... Nxe4 25. f3) 22... Red8 $11 23. Bb6 Rf8 24. Nf5 Kf7 $1 25. Rfe1 ({Much weaker is} 25. Nxe7 Kxe7 26. Nxe4 Bxe4 $17) (25. Nxe4 $11 {keeps the balance.} Bxe4 26. Nxd6+ Bxd6 27. Rxd6) 25... Rg8 26. Ng7 (26. Nxe4 $17 {was called for.} Bxe4 27. Rxe4 Nxe4 28. c3) 26... Nxc3 $19 27. Bxb7 {[#]} Rb8 28. bxc3 Rxb7 29. Be3 Rc7 30. a4 Rxc3 31. Rb1 (31. axb5 $142 axb5 32. Re2) 31... Rb8 32. Re2 (32. axb5 $142 Rxb5 33. Ra1) 32... Nd5 33. axb5 axb5 ({Better is} 33... Rxb5 $19 34. Rd1 a5) 34. Nf5 (34. Rd2 $17 Nf6 35. Ra1) 34... Bf8 35. Rd1 {[#]} (35. Ng7 {was necessary.}) 35... Ke6 $1 36. Nd4+ $2 (36. Ng7+ Bxg7 37. hxg7) 36... exd4 37. Bxd4+ Kd7 {Weighted Error Value: White=0.44/Black=0.24} 0-1

[Event "TUR-UKR Friendly Team Match"]
[Site "Online"]
[Date "2021.01.17"]
[Round "1.1"]
[White "Kocyigit, Buse Naz"]
[Black "Berdnyk, Mariia"]
[Result "1-0"]
[WhiteElo "2143"]
[BlackElo "2289"]
[Annotator "TA"]
[PlyCount "65"]
[EventDate "2021.01.17"]
[EventType "team-tourn"]
[EventCountry "NET"]
[SourceTitle "playchess.com"]
[Source "ChessBase"]
[SourceQuality "1"]
[WhiteTeam "Turkey"]
[BlackTeam "Ukraine"]
[WhiteTeamCountry "TUR"]
[BlackTeamCountry "UKR"]

{[%evp 9,65,29,30,0,7,-33,-22,-62,-57,-59,-62,-55,-39,-45,-41,-95,-58,-59,0,-13,-18,-18,-13,-16,-15,-36,0,0,0,0,149,0,0,0,0,0,10,3,101,0,8,0,0,0,85,84,88,90,102,79,92,95,112,108,572,554,568,558]} 1. Nf3 c5 2. c4 Nc6 3. d4 cxd4 4. Nxd4 Qb6 5. Nb3 e6 6. Be3 {A30: Symmetrical English: Double Fianchetto and Hedgehog.} Qb4+ {[#]} 7. Nc3 $146 ({Predecessor:} 7. N1d2 Nf6 8. a3 Qa4 9. Bg5 b5 10. e3 bxc4 11. Bxc4 Ne4 12. Bf4 d5 13. Bd3 {0-1 (39) Al Huwar,J (2285)-Fier,A (2582) Istanbul 2012}) 7... Qxc4 8. g3 {The position is equal.} Nf6 9. Bg2 Be7 10. Rc1 Qa6 11. O-O O-O 12. Bg5 (12. Bc5 $15) 12... d5 13. e4 Rd8 (13... dxe4 $15 14. Nxe4 Nd5) 14. Bxf6 Bxf6 15. exd5 Bxc3 16. Rxc3 exd5 ({Don't go for} 16... Qxa2 $2 17. Qe2 $18) 17. Bxd5 Bh3 18. Re1 {Hoping for Nc5.} Be6 19. Nc5 Qb5 {[#]} (19... Qa5 $11 20. Nxb7 Qxd5 21. Nxd8 Qxd1 22. Rxd1 Nxd8) 20. Qb3 $1 Qxb3 $11 21. Bxb3 Bxb3 22. Nxb3 Kf8 23. Nc5 Rab8 {[#]} (23... Rd2 $1 $11 {keeps the balance.}) 24. b3 ({Better is} 24. Nxb7 $1 $16 {[%mdl 512]} Rxb7 25. Rxc6) 24... Nb4 25. a3 Nd5 26. Rd3 {And now Red1 would win.} Nf6 (26... b6 $1 $11 {remains equal.}) 27. Rxd8+ $16 Rxd8 28. Nxb7 {KRN-KRN} Rd3 29. Re3 Rd1+ 30. Kg2 Nd5 31. Re2 Rd3 $2 {[%mdl 8192]} (31... h5 $16 {is tougher.} 32. Rc2 g6) 32. Nc5 $18 {Threatening mate with Nd7+.} Nc3 33. Rc2 {Weighted Error Value: White=0.23/Black=0.53} ({Not} 33. Nxd3 Nxe2 34. f3 Nd4 $14) 1-0

[Event "TUR-UKR Friendly Team Match"]
[Site "Online"]
[Date "2021.01.17"]
[Round "1.1"]
[White "Ozbay, Ece"]
[Black "Shpanko, Nadiia"]
[Result "0-1"]
[WhiteElo "2027"]
[BlackElo "2203"]
[Annotator "TA"]
[PlyCount "118"]
[EventDate "2021.01.17"]
[EventType "team-tourn"]
[EventCountry "NET"]
[SourceTitle "playchess.com"]
[Source "ChessBase"]
[SourceQuality "1"]
[WhiteTeam "Turkey"]
[BlackTeam "Ukraine"]
[WhiteTeamCountry "TUR"]
[BlackTeamCountry "UKR"]

{[%evp 9,118,0,0,12,29,6,15,29,26,21,36,2,60,17,22,-12,-6,-21,-11,-22,0,0,2,7,6,20,80,71,99,10,11,18,23,-81,0,0,0,-181,-186,-191,-142,-140,-135,-135,-142,-324,-238,-275,-131,-209,-123,-350,-203,-187,-114,-214,-112,-194,-183,-832,-100,-173,-156,-162,-112,-110,-95,-85,-86,-128,-124,-200,0,0,0,0,46,0,82,71,106,104,88,91,140,115,1295,1295,1288,1273,1267,1259,1259,381,927,78,123,0,0,0,0,0,0,0,0,-29984,-29985,-29985,-29985,-29983,-29984]} 1. e4 c5 2. Nf3 Nf6 3. e5 Nd5 4. c4 Nb6 5. b3 d6 6. exd6 {B29: Sicilian: 2 Nf3 Nf6 (Nimzowitsch Variation).} Qxd6 7. Bb2 Bg4 {[#]} 8. Be2 $146 {The position is equal.} ({Predecessor:} 8. Nc3 Nc6 9. Nb5 Qf4 10. Be2 O-O-O 11. d4 a6 12. Bc1 Qf6 13. Ne5 Bxe2 14. Qxe2 axb5 15. Nxc6 bxc6 {0-1 (53) Andersen,L-Gulliksen,F (1840) Norway 2004}) 8... Nc6 9. O-O e6 10. Nc3 a6 ({Better is} 10... O-O-O $11) 11. Re1 (11. d4 $5) 11... Be7 12. Ne4 Qf4 13. Ng3 (13. Bxg7 $2 Rg8 $19) 13... Bf6 $1 {[%cal Rf6b2]} 14. Bc3 Rd8 {aiming for ...Bxc3.} 15. Qc1 O-O 16. h3 Bxf3 17. Bxf3 Ne5 (17... Bd4 $11) 18. Be4 Qg5 19. f4 Qxg3 $11 20. fxe5 Bg5 {[%cal Rg5f4]} 21. Qc2 (21. Ba5 Bf4 $1 $15) (21. Rf1 $1 $11 {remains equal.}) 21... h6 (21... Bf4 $17 22. Kf1 Nd7) 22. Rf1 {Strongly threatening Rf3.} Bf4 $36 {[%mdl 2048] Black has the initiative.} 23. Rf3 $2 (23. Rxf4 $1 $11 {and White stays safe.} Qxf4 24. Rf1) 23... Qh2+ $19 24. Kf1 Bxe5 25. Bxb7 Bd4 26. Bxd4 Rxd4 ({Resist} 26... cxd4 27. Re1 $15) 27. Kf2 $2 (27. Re1 $17 {was forced.}) 27... Rfd8 28. d3 Qd6 (28... Rb8 $19 {and Black stays clearly on top.} 29. Bxa6 Nd7) 29. Rd1 (29. Re3 $17 {was worth a try.}) 29... a5 ({Black should try} 29... Rb8 $19 30. Bxa6 Nd7) 30. Ke2 $2 (30. Re3 $17) 30... Rd7 (30... Qc7 $142 31. Ba6 Qh2) 31. Ba6 Qe5+ (31... e5 $19 {Hoping for ...e4!} 32. Re3 f5) 32. Re3 (32. Kf1 $17) 32... Qg5 (32... Qh2 $19 33. Kd2 Qxg2+ 34. Kc1 Qg5) 33. g3 (33. Kf2 $17) 33... Qh5+ 34. g4 $2 {[#]} (34. Kf1) 34... Qg5 $2 (34... Rxg4 $1 $19 {[%mdl 512] is more deadly. ( -> ...Rg2+!)} 35. Kf2 Qh4+ 36. Kf1 Qf6+ 37. Ke1 Rg1+ 38. Kd2 Qf2+ 39. Re2 Qxe2+ $3 {[%mdl 512]} 40. Kxe2 Rg2+ {[%mdl 64] Skewer} 41. Ke3 Rxc2) 35. Rf1 (35. Qd2 $17) 35... Qd8 36. Rff3 Rc7 37. Bb5 Nc8 38. Qc3 Re7 39. Re5 Qc7 40. Re4 (40. Rfe3 $17 {was necessary.}) 40... Qh2+ $2 (40... e5 $1 $19 41. Kd1 Nd6) 41. Rf2 $11 Rxe4+ 42. dxe4 Qd6 43. Kf3 (43. e5 {keeps more tension.} Qb6 44. Kd2 Na7 45. Ba4 Nc6 46. Bxc6 Qxc6 47. Qxa5 Rd7+ 48. Kc3) 43... e5 (43... Qc7 $11) 44. Rd2 $16 Qf6+ 45. Kg2 {Black must now prevent Rd8+.} Nd6 46. Qd3 Nxb5 47. cxb5 {[%mdl 4096] Endgame KQR-KQR} Qf4 $2 {[%mdl 8192]} (47... Re8 $16) 48. Rf2 $18 Qg5 49. Rf5 Qh4 50. Qd8+ {[%mdl 64] Double Attack} Kh7 51. Rf2 $2 (51. b6) 51... h5 $2 {[#]} (51... Qg5 52. Rf5 Qe3 53. Qxe7 {[%mdl 64] Double Attack} Qxe4+ 54. Rf3 Qe2+ 55. Rf2 Qxb5 56. Qxf7 Qc6+ 57. Kg3 e4 58. Qf5+ Kg8) 52. Qc8 $2 (52. Rxf7 $1 $18 {[%mdl 512] is the precise move to win.} hxg4 53. Qxe7 {[%mdl 64] Double Attack} Qxh3+ 54. Kf2 g3+ 55. Kf3 g2+ 56. Kf2) 52... Qg5 {[#]} 53. b6 ({Not} 53. Qxc5 hxg4 54. Rf5 Qh4 $15) (53. Qf5+ $1 $16 Qxf5 54. exf5 (54. Rxf5 hxg4 55. hxg4 Rb7 $14)) 53... hxg4 $1 $11 54. hxg4 {And now b7 would win.} Qe3 55. Qc6 Qg5 56. Kg3 {Rh2+ is the strong threat.} Qe3+ 57. Kh2 $2 {[%mdl 8192]} (57. Kg2 $11 Re6 58. Qd7) 57... Qxf2+ {Black mates.} 58. Kh3 Qf3+ 59. Kh2 Re6 {A wild game.  Weighted Error Value: White=0.74/Black=0.41} 0-1

[Event "TUR-UKR Friendly Team Match"]
[Site "Online"]
[Date "2021.01.17"]
[Round "1.1"]
[White "Aydin, Gulenay"]
[Black "Hrebenshchykova, Yelyzaveta"]
[Result "1-0"]
[WhiteElo "1975"]
[BlackElo "2159"]
[Annotator "TA"]
[PlyCount "91"]
[EventDate "2021.01.17"]
[EventType "team-tourn"]
[EventCountry "NET"]
[SourceTitle "playchess.com"]
[Source "ChessBase"]
[SourceQuality "1"]
[WhiteTeam "Turkey"]
[BlackTeam "Ukraine"]
[WhiteTeamCountry "TUR"]
[BlackTeamCountry "UKR"]

{[%evp 15,90,25,30,22,20,16,20,4,10,-10,-16,-23,-9,-46,-51,-36,-8,-43,-52,-41,-52,-47,-18,-9,-22,-30,-22,-43,-45,-48,-52,-41,-59,-141,-164,-174,-170,-402,-392,-478,-477,-477,-477,-464,-448,-556,-551,-1360,-613,-609,-600,-615,-604,-780,-778,-751,-714,-627,-377,-374,-370,-346,-143,-328,-309,-319,29989,29990,29990,29991,29995,29994,29997,29998,29998,29999,29999]} 1. e4 c5 2. Nf3 e6 3. d4 cxd4 4. Nxd4 Nc6 5. Nc3 d6 6. g3 Nf6 7. Bg2 Bd7 8. O-O Be7 9. Re1 {B80: Sicilian Scheveningen: 6 g3 and 6 Be3, including English Attack.} Nxd4 10. Qxd4 O-O 11. h3 {The position is equal.} Qc7 12. Be3 b5 13. a3 Bc6 14. Rad1 {[#]} Rfd8 $146 ({Predecessor:} 14... Qb7 15. g4 a5 16. g5 Nd7 17. Nd5 Bd8 18. Nc3 b4 19. Nb1 Be7 20. Nd2 Nc5 21. axb4 axb4 {½-½ (52) Chevaldonnet,F (2290)-Stein,B (2405) Hamburg 1986}) 15. g4 d5 16. e5 Nd7 17. f4 a5 18. Qd2 Nc5 19. Qf2 Be8 $1 20. f5 b4 21. axb4 axb4 22. Ne2 Ne4 23. Bxe4 dxe4 24. Qf4 ({Better is} 24. Rxd8 $15 Qxd8 25. Qf4) 24... Rxd1 25. Rxd1 Qxc2 {[%mdl 64] [#] Double Attack} 26. Re1 (26. Rd2 Qb1+ 27. Kg2) 26... Qxb2 $19 27. Qxe4 Ra1 28. Rxa1 Qxa1+ 29. Kg2 Qa4 {...Bc6 is the strong threat.} 30. Nd4 b3 31. f6 Bf8 (31... Bc5 $142 32. Bg1 Qa2+ 33. Ne2 {[#]} b2 $1 34. Bxc5 b1=Q 35. Qxb1 Qxb1) 32. Qb1 Bc6+ 33. Kf2 Bd5 34. g5 Bc5 35. Qc1 Qa2+ 36. Ne2 Bxe3+ 37. Kxe3 {[%cal Rc1c8]} Qa7+ 38. Kd2 {[%cal Rc1c8]} Qa5+ (38... Qb8 $19 {aiming for ...b2.} 39. Qb2 g6) 39. Ke3 $2 (39. Qc3 $17 Qa2+ 40. Ke3 Qa7+ 41. Kd2) 39... Qb6+ 40. Kd2 {White wants to mate with Qc8+.} h6 $4 {[%mdl 8192]} (40... Bb7 $19 41. Qb2 Qa5+ 42. Ke3 h6 43. gxh6 g6 44. Qxb3 Qxe5+ {[%mdl 64] Double Attack} 45. Kd2 Ba6) 41. Qc8+ {White mates.} Kh7 42. Qf8 $1 {[%csl Gf6,LRf7,LRg7][%cal Rf8g7][%mdl 64] Double Attack} gxf6 43. gxf6 {[%csl Gf6][%cal Rf8g7]} Kg6 44. Qg7+ Kf5 45. Qg4+ Kxe5 46. Qf4# {Never resign too early!  Weighted Error Value: White=0.40/Black=0.43} 1-0

[Event "TUR-UKR Friendly Team Match"]
[Site "Online"]
[Date "2021.01.17"]
[Round "1.1"]
[White "Sahin, Hayrun Nisa"]
[Black "Dubovyk, Anastasiia"]
[Result "0-1"]
[WhiteElo "1948"]
[BlackElo "2025"]
[Annotator "TA"]
[PlyCount "110"]
[EventDate "2021.01.17"]
[EventType "team-tourn"]
[EventCountry "NET"]
[SourceTitle "playchess.com"]
[Source "ChessBase"]
[SourceQuality "1"]
[WhiteTeam "Turkey"]
[BlackTeam "Ukraine"]
[WhiteTeamCountry "TUR"]
[BlackTeamCountry "UKR"]

{[%evp 19,110,30,39,31,37,20,57,54,70,22,15,-21,-29,-26,-26,-49,-9,-12,0,0,21,21,10,3,24,0,0,0,0,0,21,6,32,-21,8,0,0,0,0,0,0,-2,0,-39,-39,-40,-30,-38,0,-39,0,-81,17,0,0,0,0,-17,-17,-16,0,0,0,-26,0,0,0,-8,0,0,0,0,0,-16,15,-2,0,0,0,-454,-431,-29980,0,-104,28,-29989,-29989,-29989,-29990,-29991,-29992,-29994,-29995]} 1. e4 c5 2. Nf3 d6 3. d4 cxd4 4. Nxd4 Nf6 5. Nc3 Nc6 6. f3 e5 7. Nb3 Be7 8. Be3 Be6 9. Nd5 Bxd5 {9...0-0 is the modern continuation.} 10. exd5 Nb8 11. Be2 {B56: Classical Sicilian: Unusual Lines.} O-O 12. Qd2 Nfd7 13. O-O {White is slightly better.} f5 {[#]} 14. c4 $146 ({Predecessor:} 14. Kh1 a5 15. c4 b6 16. Nc1 Na6 17. Nd3 Nac5 18. Rab1 Nxd3 19. Bxd3 Nc5 20. b3 {1-0 (51) Zwanzger,J (2287)-Weigel,H (2163) Fuerth 2002}) 14... a5 {[%cal Ba7a5,Ba5a4][%mdl 32]} 15. a3 a4 (15... f4 $5 16. Bf2 $8 a4 $11) 16. Nc1 Na6 17. Nd3 f4 18. Bf2 Bh4 19. g3 fxg3 (19... Qg5 $5 {[%cal Rf4g3]}) 20. hxg3 Bg5 21. Qc2 Qa5 22. Be1 Qb6+ 23. Kg2 Nac5 24. Bf2 Qc7 25. Rh1 {And now Nxc5 would win.} g6 26. Raf1 ({White should play} 26. Rh3 $14) 26... Rf7 27. Nxc5 Nxc5 28. Bxc5 Qxc5 29. Bd3 {aiming for Bxg6!} Rf6 30. Be4 Qb6 31. Qc3 Be3 32. Qc2 Rc8 33. Rb1 Qa6 34. Bd3 Bd4 35. b4 {[#]} (35. Rh6 $11 {remains equal.} Be3 36. Rh4) 35... b5 (35... axb3 $1 $17 36. Rxb3 Rc7) 36. Rhc1 Qb7 37. Qe2 bxc4 38. Bxc4 Rcf8 39. Rf1 Kg7 40. Qe4 Qf7 41. Rbd1 h5 42. Bd3 Bb2 43. b5 Bxa3 {...Bc5 is the strong threat.} 44. Ra1 Bc5 {Hoping for ...a3.} 45. Rxa4 Kh6 46. Be2 Bd4 47. Rh1 (47. Rxd4 exd4 48. Qxd4 Rf5 $15) 47... Rc8 {[%cal Bf8c8,Bc8c3,Bc3e3][%mdl 32]} 48. Ra2 ({Much weaker is} 48. Rxd4 exd4 49. Qxd4 Rc2 $17) 48... Rc3 {White must now prevent ...Re3.} 49. Rc2 $2 {[%mdl 8192] [#]} (49. Bd3 $11 {and White stays safe.}) 49... Re3 $1 $19 {[%cal Re3e4]} 50. Qh4 (50. Qg4 $19 Qxd5 51. Bd1) 50... g5 $2 (50... Rfxf3 {mates} 51. Bd1 Qxd5 52. Kh2 Rxg3 53. Rf1 Qb3 54. Bf3 Rgxf3 55. Rxf3 Qxc2+ 56. Rf2 Re2 57. Rxe2 Qxe2+ {[%mdl 64] Double Attack} 58. Kh1 Qf1+ 59. Kh2 Bg1+ 60. Kh1 Bf2+ {[%mdl 64] Discovered Attack} 61. Kh2 Qg1+ 62. Kh3 Qh1#) 51. Qh3 (51. Qg4 $11) 51... g4 (51... Rfxf3 $17 52. Qxh5+ Qxh5 53. Rxh5+ Kxh5 54. Bxf3+ g4) 52. Qh4 $2 {[%mdl 8192] [#] This costs White the game.} (52. Qxg4 $11 Rf5 53. Rh4) 52... Rxe2+ $1 {[%mdl 576] Remove Defender. Black mates.} 53. Rxe2 gxf3+ 54. Kh3 fxe2 55. g4 Rf3+ {Weighted Error Value: White=0.61/Black=0.26} 0-1

[Event "TUR-UKR Friendly Team Match"]
[Site "Online"]
[Date "2021.01.17"]
[Round "2.1"]
[White "Sydoryka, Vladyslav"]
[Black "Tanriverdi, Enes"]
[Result "1-0"]
[WhiteElo "2331"]
[BlackElo "2399"]
[Annotator "TA"]
[PlyCount "167"]
[EventDate "2021.01.17"]
[EventType "team-tourn"]
[EventCountry "NET"]
[SourceTitle "playchess.com"]
[Source "ChessBase"]
[SourceQuality "1"]
[WhiteTeam "Ukraine"]
[BlackTeam "Turkey"]
[WhiteTeamCountry "UKR"]
[BlackTeamCountry "TUR"]

{[%evp 15,167,-8,-7,-16,-10,-16,0,-10,10,0,0,-27,-27,-30,-26,-38,-31,-31,31,35,33,31,40,43,33,33,34,37,40,20,25,23,21,18,30,12,25,11,8,25,42,25,51,51,46,45,68,43,41,42,34,29,45,34,34,37,50,44,87,58,62,62,106,106,98,14,108,110,116,110,158,158,158,158,168,168,237,237,237,237,248,248,248,248,248,248,248,248,248,248,248,248,248,248,210,0,248,248,248,248,281,273,289,289,289,289,426,426,411,345,338,323,12832,12832,12833,12833,12833,12834,12832,12831,12836,12835,12836,12834,12834,12833,12838,12838,12839,12839,12839,12839,12840,12840,12841,12839,12840,12839,12839,12838,12838,12839,12839,12839,12841,12841,12842,12843,12844,12841,12840,12840,12840,12838]} 1. Nf3 Nf6 2. g3 g6 3. Bg2 Bg7 4. O-O O-O 5. c4 e6 6. Nc3 d5 7. cxd5 exd5 8. d4 c6 9. Bf4 {A17: English Opening: 1...Nf6 with ...Bb4.} Re8 10. Rc1 {[#]} Na6 $146 ({Predecessor:} 10... Nbd7 11. Qb3 Qb6 12. Rfd1 Ne4 13. Nxe4 dxe4 14. Ng5 Qxb3 15. axb3 f5 16. d5 cxd5 17. Rxd5 Nb6 18. Rd2 h6 {0-1 (32) Bicer,A (1617)-Ibik,H (1851) Canakkale 2016}) 11. a3 {The position is equal.} Bf5 12. Be5 Bh6 13. Bxf6 Qxf6 14. e3 Nc7 15. Qb3 Rab8 16. Ne5 Rxe5 ({Black should try} 16... Qe7 $15) 17. dxe5 $14 Qxe5 18. Ne2 {And now Rxc6! would win.} Ne6 19. h3 g5 20. Rfd1 Bg7 21. Rd2 Bg6 22. Qa4 a6 23. Nd4 Nxd4 24. exd4 Qe6 25. Qd1 Re8 26. Qb3 Re7 27. Rdd1 h5 28. Qb4 {Hoping for Re1.} Bf8 29. Re1 Qd7 30. Qd2 Qd8 31. Re2 Rxe2 32. Qxe2 Bg7 33. Qd2 Bf6 34. b4 Kg7 35. Rd1 h4 36. g4 Qd6 37. Qe3 Qc7 38. Bf1 Qb6 39. Qc3 Kg8 40. a4 ({White should play} 40. Qc5 $16 Qc7 41. Bd3) 40... Be7 (40... Kg7 $11 {keeps the balance.}) 41. b5 $1 $16 axb5 42. axb5 cxb5 {[#]} 43. Qc8+ $1 Kg7 44. Qd7 Bf6 45. Qxb5 Qd6 (45... Qa7 {was necessary.} 46. Qxd5 Qa4) 46. Qxb7 $18 Qf4 {[#] Threatens to win with ...Bc2.} 47. Qb2 ({Weaker is} 47. Qxd5 Be4 $11) 47... Qf3 48. Qe2 Qb3 49. Qd2 Qf3 {( -> ...Be4)} 50. Bg2 Qb3 51. Rc1 Qb6 52. Rc5 ({Don't take} 52. Bxd5 Bxd4 53. Rc4 (53. Qxg5 Bxf2+ 54. Kh1 Qd4 $11) 53... Bf6) 52... Qb1+ 53. Bf1 Be4 54. Rc1 Qb6 55. Bg2 Bg6 $1 56. Bxd5 Bxd4 57. Rd1 ({Worse is} 57. Qxg5 Bxf2+ 58. Kg2 Qb2 $11) 57... Bf6 58. Bc4 Qc6 59. Bd3 Qc5 60. Bxg6 Kxg6 {[%mdl 4096] Endgame KQR-KQB} (60... fxg6 {is a better defense.} 61. Qd5 Qxd5 62. Rxd5 Kf7) 61. Qd3+ Kg7 62. Qf3 Qe7 63. Qf5 Qe5 $2 (63... Qc7 64. Rd7 Qe5) 64. Qxe5 {White is clearly winning.} Bxe5 {KR-KB} 65. Kg2 Kf6 66. Kf3 Kg6 67. Ke4 f6 68. Rd8 Bf4 69. Rd5 Bh2 70. Rf5 Bd6 71. Kd5 Ba3 72. Ke6 Bb2 73. Rb5 Bc3 74. Rb8 Kg7 75. f3 Be5 76. Rb7+ Kg6 77. Rf7 Bd4 78. Rf8 Kg7 79. Rd8 Be5 80. Kf5 Kf7 81. Rd7+ Kf8 82. Kg6 Ke8 83. Rf7 Bd4 84. Rxf6 {Weighted Error Value: White=0.11/Black=0.15} 1-0